000 00688cam a2200277 4500
008 090401t1987 xxu||||| |||| 00| 0 eng d
020 _a074580277X
035 _a(Sirsi) u8880
041 _aeng
050 _a624.194094223
245 4 _aThe tunnel: the Channel and beyond
260 _aChichester
_bEllis Horwood
_c1987
300 _axxxi, 334p. : ill. ; 24cm.
350 _a14.95
650 _aCHANNEL TUNNEL
650 _aENVIRONMENTAL IMPACT ASSESSMENTS
650 _aEUROTUNNEL
650 _aFINANCE
650 _aFRANCE
650 _aKENT
650 _aRAILWAYS
650 _aTUNNELS
700 _aJones, Bronwen.
_xEditor
942 _n0
948 _c04/03/1997
999 _c86574
_d86574